Vitorlás a TIK-ben

Elmentve itt :
Bibliográfiai részletek
Dokumentumtípus: Cikk
Megjelent: 2006-10-25
Sorozat:Délmagyarország 96 No. 250
Kulcsszavak:Egészségnap, 2006
Online Access:http://dmarchiv.bibl.u-szeged.hu/126888
LEADER 00395nab a2200145 i 4500
001 delm126888
005 20191209082228.0
008 191209s2006 hu o 0|| hun d
040 |a SZTE Délmagyarország Archívum  |b hun 
041 |a hun 
245 0 0 |a Vitorlás a TIK-ben  |h [elektronikus dokumentum] 
260 |c 2006-10-25 
300 |a 5 
490 0 |a Délmagyarország  |v 96 No. 250 
695 |a Egészségnap, 2006